000 01923cam a2200505 4500
999 _c22852
_d22852
001 vtls011828131
005 20200129130254.0
008 181206s2018 xo gr 011 1dslo
020 _a9788022209403
_q(brožované)
040 _aSVKPO
_bslo
_cSVKPO
_dSNK
_erda
041 1 _aslo
_heng
044 _axo
_cSK
072 7 _a82.0
_xLiteratúra (teória)
_2konspekt
080 _a821(100)-31
_22011
080 _a82.0
_22011
080 _a82.0:159.93
_22011
080 _a(048.8)
_22011
080 _a(0.062)
_22011
100 1 _aFoster, Thomas C.
_4aut
_91653
240 1 0 _aHow to read novels like professor
_lSlovensky
245 1 0 _aČítaj romány ako profesor
_bživé objavovanie najobľúbenejšej literárnej formy na svete
_cThomas C. Foster ; z anglického originálu How to read novels like professor ... preložila Marianna Bachledová
250 _aVydanie I.
264 1 _aBratislava
_bTatran
_c2018
300 _a327 strán
_c21 cm
336 _atext
_btxt
_2rdacontent
337 _abez média
_bn
_2rdamedia
338 _azväzok
_bnc
_2rdacarrier
500 _aPublikácia vyšla v roku 70. výročia vydavateľstva Tatran
500 _aObsahuje biografické údaje o autorovi na záložke knihy
650 0 7 _asvetový román
_2SNKPH
_91664
650 0 7 _ateória literatúry
_2SNKPH
_91655
650 0 7 _aštruktúra a kompozícia textu
_2SNKPH
_91656
650 0 7 _avnímanie literárneho diela
_2SNKPH
_91657
650 0 7 _aWorld ficton
_2SNKPHeng
_91665
650 0 7 _aTheory of literature
_2SNKPHeng
_91659
650 0 7 _aPerception of literature
_2SNKPHeng
_91660
655 7 _amonografie
_2SNKPH
_91661
655 7 _apopulárno-náučné publikácie
_2SNKPH
_91486
655 7 _aMonographs
_2SNKPHeng
_91662
655 7 _aPopular works
_2SNKPHeng
_91487
700 1 _aBachledová, Marianna
_4trl
_91663
958 _aOP
958 _aLX